1652 1824 1296 1597 1586 1038 1463 1148 1203 1263 1461 1618 1898 1549 1740 1592 1783 1020 1100 1558 1842 1931 1987 1234 1272 1746 1034 1791 1745 1193 1525 1877 1201 1387 1514 1989 1540 1661 1999 1716 1393 1003 1825 1360 1132 1054 1338 1965 1828 1841 1296 1698 1749 1362 1253 1017 1539 1075 1814 1933 1989 1605 1918 1866 1922 1087 1536 1052 1142 1032 1491 1043 1070 1393 1554 1832 1312 1869 1005 1975 1441 1143 1847 1262 1610 1385 1343 1131 1547 1297 1850 1643 1564 1391 1246 1495 1428 1665 1834 BCNSPRNW ULIB Ver.6.0+V

เปลี่ยนเป็นภาษาไทย

Change to English
 แสดงรายละเอียดบรรณานุกรม
  กลับหน้าหลัก

Brief Record : Get Marc (ISO 2709) : E-mail record : QR code < ปิดหน้าต่าง
LEADER : 00000nas 2200000uu 4500
001    13399124231
003     ULIB
008    020711s|||| th a 000 0 tha d
022    08588899
110    สำนักงานป้องกันควบคุมโรคที่ 7
245    วารสารสำนักงานป้องกันควบคุมโรคที่ 7 ขอนแก่น/^cสำนักงานป้องกันควบคุมโรคที่ 7
260    ขอนแก่น :^bสำนักงานป้องกันควบคุมโรคที่ 6,^cม.ป.ป.
310    ^aราย 6 เดือน
700    ขอนแก่น
850 ^a ULIB:campus^bปีที่ 21 ฉบับที่ 2 ฉ.1 ;ปีที่ 22 ฉบับที่ 1 ฉ.1 ;ปีที่ 22 ฉบับที่ 1 ฉ.1 ;ปีที่ 22 ฉบับที่ 2 ฉ.1 ;ปีที่ 23 ฉบับที่ 1 ฉ.1 ;ปีที่ 23 ฉบับที่ 2 ฉ.1
945    ^p0^l0^i801161
945    ^p0^l0^i801365
945    ^p0^l0^i801454
945    ^p0^l0^i801711
945    ^p0^l0^i801712
945    ^p0^l0^i801809
999    ^aกัณชพร
รายการนี้ยังไม่มีแท็ก
คุณยังไม่ได้ล็อกอิน คุณสามารถมีกิจกรรมร่วมกับเว็บไซต์ได้ แต่ต้องล็อกอินก่อน ::
  ล็อกอิน

รายการสื่อสารสนเทศ (วารสาร)

ดูแบบ: กล่อง รายการ
ARRIVED
ปีที่ 21 ฉบับที่ 2 ฉ.1
สถานที่: ห้องสมุดวิทยาเขตนครสวรรค์ >วารสาร
ARRIVED
ปีที่ 22 ฉบับที่ 1 ฉ.1
สถานที่: ห้องสมุดวิทยาเขตนครสวรรค์ >วารสาร
ARRIVED
ปีที่ 22 ฉบับที่ 2 ฉ.1
สถานที่: ห้องสมุดวิทยาเขตนครสวรรค์ >วารสาร
ARRIVED
ปีที่ 23 ฉบับที่ 1 ฉ.1
สถานที่: ห้องสมุดวิทยาเขตนครสวรรค์ >วารสาร
ARRIVED
ปีที่ 23 ฉบับที่ 2 ฉ.1
สถานที่: ห้องสมุดวิทยาเขตนครสวรรค์ >วารสาร

BibComment


ยังไม่เคยถูกคอมเมนท์

คอมเมนท์ทรัพยากรรายการนี้
  คอมเมนท์: วารสารสำนักงานป้อ..


 Copyright 2026. Bcnsprnw @Library